Monedas argentinas - Estadísticas

Estadísticas generales
  • Esta prueba ha sido intentada 27 veces
  • La puntuación promedio es 3 de 6
Estadísticas de respuestas
Período Nombre % Correcto
1983 - 1985 Peso Argentino
91%
1985 - 1992 Austral
87%
1881 - 1969 Peso Moneda Nacional
26%
1969 - 1983 Peso Ley 18.188
22%
1862 - 1881 Peso Moneda Corriente
17%
1992 - hoy Peso Convertible
13%
No se encontraron pruebas coincidentes
Distribución de puntuación
Porcentaje de gente con cada puntuación
Porcentaje por número respondido
Historial de tus puntuaciones
No has intentado esta prueba.